Statistics for Guess the country by location

Click here to take the quiz!

General Stats

  • This quiz has been taken 17 times
  • The average score is 1 of 8

Answer Stats

Answer% Correct
China
100%
Indonesia
25%
Malta
8%
Bahamas
0%
Lesotho
0%
Suriname
0%
Tonga
0%
Tuvalu
0%

Score Distribution

Percentile by Number Answered

Percent of People with Each Score

Your Score History

You have not taken this quiz